000
00312nam a22001337a 4500
008
170801b xxu||||| |||| 00| 0 eng d
020
_a
9783540607489
041
_a
eng
080
_a
004
100
_a
32
101
_a
SHK
245
_a
COMPUTER AIDED SYSTEMS THEORY- EUROCAST' 95
_c
PICHLER,F
942
_2
udc
_c
BK
999
_c
22381
_d
22381